1992 1674 1919 1769 1805 1755 1751 1971 1020 1879 1890 1679 1154 1202 1255 1586 1982 1083 1852 1938 1142 1707 1298 1522 1816 1865 1777 1201 1772 1029 1019 1273 1875 1901 1210 1382 1530 1246 1768 1146 1170 1289 1555 1878 1894 1354 1522 1914 1985 1122 1653 1547 1595 1011 1563 1947 1169 1680 1726 1051 1464 1532 1032 1382 1259 1211 1010 1095 1551 1969 1264 1847 1151 1159 1083 1495 1616 1534 1473 1665 1422 1645 1634 1039 1846 1298 1924 1544 1672 1951 1914 1303 1474 1177 1755 1679 1718 1610 1062 BCNSPRNW ULIB Ver.6.0+V

เปลี่ยนเป็นภาษาไทย

Change to English
 แสดงรายละเอียดบรรณานุกรม
  กลับหน้าหลัก

Brief Record : Get Marc (ISO 2709) : E-mail record : QR code < ปิดหน้าต่าง
LEADER : 00000nam 2200000uu 4500
001    13399112176
003     ULIB
008    110729s2542||||th 000 0 tha d
020    9748701956
050 04 HD37^bว848อ 2542
100 0  วีรวุธ มาฆะศิรานนท์
245 10 องค์กรฉลาดคิดและสร้างสรรค์ /^cวีรวุธ มาฆะศิรานนท์, ยุดา รักไทย
250    พิมพ์ครั้งที่ 2
260    กรุงเทพฯ :^bบริษัทเอ็กซเปอร์เน็ท,^c2542
300    111 หน้า :^bแผนภูมิ ;^c21 ซม
440  0 การพัฒนาผู้นำและองค์กร
650  7 องค์การ
650  7 การจัดองค์การ
650  7 การบริหารธุรกิจ
650  7 การจัดการ
650  7 การพัฒนาองค์การ
700 0  ยุดา รักไทย
945    ^p140^l0^i012578
945    ^p140^l0^i012579
945    ^p140^l0^i012580
945    ^p140^l0^i012581
945    ^p140^l0^i012582
945    ^p140^l0^i012583
999 ^a ทศพร
รายการนี้ยังไม่มีแท็ก
คุณยังไม่ได้ล็อกอิน คุณสามารถมีกิจกรรมร่วมกับเว็บไซต์ได้ แต่ต้องล็อกอินก่อน ::
  ล็อกอิน

รายการสื่อสารสนเทศ

ลำดับที่ ประเภท เลขเรียก/บาร์โค้ด สถานที่ สถานะ
- ไม่พบข้อมูล -

รายการใกล้เคียง
    ผู้แต่ง [วีรวุธ มาฆะศิรานนท์]

    หัวเรื่อง [องค์การ]
    หัวเรื่อง [การจัดองค์การ]
    หัวเรื่อง [การบริหารธุรกิจ]
    หัวเรื่อง [การจัดการ]
    หัวเรื่อง [การพัฒนาองค์การ]

BibComment


ยังไม่เคยถูกคอมเมนท์

คอมเมนท์ทรัพยากรรายการนี้
  คอมเมนท์: องค์กรฉลาดคิดและส..


 Copyright 2026. Bcnsprnw @Library